[Event "London Wood Green"]
[Site "London"]
[Date "2022.07.18"]
[Round "7"]
[White "McPhillips, Joseph"]
[Black "Fitzsimons, David"]
[Result "1-0"]
[WhiteElo "2414"]
[BlackElo "2337"]
[PlyCount "73"]
[EventDate "2022.07.14"]
[EventType "tourn"]
[EventRounds "9"]
[EventCountry "ENG"]
[EventCategory "6"]
[SourceTitle "CBM 209 Extra"]
[Source "ChessBase"]
[SourceDate "2022.09.30"]
[SourceVersion "1"]
[SourceVersionDate "2022.09.30"]
[SourceQuality "1"]

1. d4 Nf6 2. c4 e6 3. Nc3 d5 4. cxd5 Nxd5 5. e4 Nxc3 6. bxc3 c5 7. Rb1 Be7 8. Nf3 0-0 9. Bc4 a6 10. a4 Qc7 11. Qe2 Nc6 12. 0-0 Bd7 13. e5 cxd4 14. cxd4 Rac8 15. Bd3 Nb4 16. Ba3 a5 17. Qe4 g6 18. d5 exd5 19. Qe3 Bg4 20. Rbc1 Bc5 21. Qe2 Qe7 22. Bb2 b6 23. Bb5 d4 24. Qe4 Bxf3 25. gxf3 Qg5+ 26. Kh1 Rfd8 27. Rcd1 Nd5 28. e6 f5 29. Qe5 Qh5 30. Bxd4 Qxf3+ 31. Kg1 Qg4+ 32. Qg3 Qxg3+ 33. hxg3 Bxd4 34. Rxd4 Nc7 35. Rxd8+ Rxd8 36. e7 Rd4 37. Rc1 1-0

[Event "BCF-chT 2122 (4NCL)"]
[Site "England"]
[Date "2022.02.13"]
[Round "4.17"]
[White "McPhillips, Joseph"]
[Black "Kolbus, Dietmar"]
[Result "1/2-1/2"]
[WhiteElo "2413"]
[BlackElo "2305"]
[PlyCount "76"]
[EventDate "2021.11.27"]
[EventType "team-swiss"]
[EventRounds "11"]
[EventCountry "ENG"]
[SourceTitle "EXT 2023"]
[Source "ChessBase"]
[SourceDate "2022.10.05"]
[SourceVersion "1"]
[SourceVersionDate "2022.10.05"]
[SourceQuality "1"]
[WhiteTeam "Wood Green"]
[BlackTeam "Chess.com Manx Liberty"]
[WhiteTeamCountry "ENG"]
[BlackTeamCountry "ENG"]

1. Nf3 d5 2. c4 c6 3. d4 Nf6 4. Nc3 g6 5. Bf4 Bg7 6. cxd5 Nxd5 7. Bd2 0-0 8. e4 Nxc3 9. bxc3 c5 10. d5 e6 11. Bc4 b5 12. Bxb5 exd5 13. e5 Qc7 14. 0-0 Bd7 15. Rb1 Bxb5 16. Rxb5 a6 17. Rb2 Nd7 18. Bf4 Qc6 19. Rd2 Nb6 20. Re1 Rfe8 21. h4 Rad8 22. Qc1 Nc4 23. Rde2 Rd7 24. h5 Rde7 25. h6 Bh8 26. Qd1 f6 27. exf6 Bxf6 28. Bg5 Rxe2 29. Rxe2 Rxe2 30. Qxe2 Kf7 31. Bxf6 Qxf6 32. Qd1 Ke6 33. Qa4 Nd6 34. Qa5 Qf4 35. Qxc5 Qc1+ 36. Kh2 Qxh6+ 37. Kg1 Qc1+ 38. Kh2 Qh6+ 1/2-1/2

[Event "BCF-chT 2122 (4NCL)"]
[Site "England"]
[Date "2021.11.28"]
[Round "2.14"]
[White "Webb, Laurence"]
[Black "McPhillips, Joseph"]
[Result "1/2-1/2"]
[WhiteElo "2100"]
[BlackElo "2413"]
[PlyCount "31"]
[EventDate "2021.11.27"]
[EventType "team-swiss"]
[EventRounds "11"]
[EventCountry "ENG"]
[SourceTitle "EXT 2023"]
[Source "ChessBase"]
[SourceDate "2022.10.05"]
[SourceVersion "1"]
[SourceVersionDate "2022.10.05"]
[SourceQuality "1"]
[WhiteTeam "Blackthorne Russia"]
[BlackTeam "Wood Green"]
[WhiteTeamCountry "ENG"]
[BlackTeamCountry "ENG"]

1. Nf3 c5 2. b3 d6 3. Bb2 e5 4. e3 Nc6 5. d4 cxd4 6. exd4 e4 7. Nfd2 d5 8. c4 Nf6 9. cxd5 Nxd5 10. Bc4 Nf4 11. 0-0 Qg5 12. g3 Nh3+ 13. Kg2 Nf4+ 14. Kg1 Nh3+ 15. Kg2 Nf4+ 16. Kg1 1/2-1/2

[Event "BCF-chTa 1920 (4NCL)"]
[Site "Daventry"]
[Date "2020.02.09"]
[Round "6.17"]
[White "Suarez Real, Alberto"]
[Black "McPhillips, Joseph"]
[Result "1-0"]
[WhiteElo "2449"]
[BlackElo "2434"]
[PlyCount "59"]
[EventDate "2019.11.09"]
[EventType "team-tourn"]
[EventRounds "11"]
[EventCountry "ENG"]
[SourceTitle "CBM 194 Extra"]
[Source "ChessBase"]
[SourceDate "2020.03.31"]
[SourceVersion "1"]
[SourceVersionDate "2020.03.31"]
[SourceQuality "1"]
[WhiteTeam "Guildford"]
[BlackTeam "Wood Green"]
[WhiteTeamCountry "ENG"]
[BlackTeamCountry "ENG"]

1. e4 e6 2. d4 d5 3. Nd2 Nf6 4. Bd3 c5 5. e5 Nfd7 6. c3 Nc6 7. Ngf3 h5 8. Be2 Be7 9. h4 Qc7 10. 0-0 Nf8 11. Re1 Bd7 12. c4 cxd4 13. cxd5 exd5 14. Nb3 Ne6 15. Nbxd4 Ncxd4 16. Nxd4 Qxe5 17. Nxe6 fxe6 18. Bg5 g6 19. Bf3 Qg7 20. Bxd5 Bxg5 21. hxg5 0-0-0 22. Be4 Kb8 23. Qd6+ Ka8 24. Qc7 Rb8 25. Rad1 Rh7 26. Rd6 Qe7 27. Red1 Be8 28. Qa5 Rc8 29. Ra6 Qc5 30. Qxc5 1-0

[Event "London Chess Classic: Blitz D"]
[Site "London"]
[Date "2019.12.08"]
[Round "7"]
[White "McPhillips, Joseph"]
[Black "Vaishali, Ramesh Babu"]
[Result "0-1"]
[WhiteElo "2271"]
[BlackElo "2323"]
[PlyCount "122"]
[EventDate "2019.12.08"]
[EventType "swiss (blitz)"]
[EventRounds "11"]
[EventCountry "ENG"]
[SourceTitle "EXT 2021"]
[Source "ChessBase"]
[SourceDate "2020.10.23"]
[SourceVersion "1"]
[SourceVersionDate "2020.10.23"]
[SourceQuality "1"]

1. Nf3 Nf6 2. b3 g6 3. Bb2 Bg7 4. e3 0-0 5. Be2 c5 6. c4 b6 7. 0-0 Bb7 8. Nc3 Nc6 9. d4 cxd4 10. Nxd4 Nxd4 11. exd4 d5 12. Bf3 Qd7 13. c5 bxc5 14. dxc5 e5 15. Na4 d4 16. Bxb7 Qxb7 17. Rc1 Rac8 18. Qe2 Rfe8 19. Qc4 Qc6 20. f4 Ng4 21. fxe5 Nxe5 22. Qe2 Rcd8 23. Qd1 h5 24. h3 d3 25. Qd2 Re6 26. Rcd1 Rd7 27. Qf4 Kh7 28. Qg3 Rd5 29. Bxe5 Rdxe5 30. Rxd3 Re7 31. Rdf3 f5 32. Rd3 Re2 33. Rd6 Qe8 34. c6 Be5 35. Qd3 Bxd6 36. Qxd6 R2e6 37. Qd4 Qxc6 38. Nc3 Rd6 39. Qb4 Rb7 40. Qa5 Rd2 41. Ne4 Re2 42. Ng5+ Kh6 43. Nf3 Rd7 44. Qb4 Qb6+ 45. Qxb6 axb6 46. Rc1 Rxa2 47. Rc6 Rb7 48. Nd4 Kh7 49. Ne6 b5 50. Nf8+ Kg7 51. Nxg6 Rd7 52. Nf4 Rdd2 53. Nxh5+ Kf7 54. Nf4 Rf2 55. g3 Rfd2 56. Rc1 Rab2 57. g4 fxg4 58. hxg4 Rxb3 59. Rc7+ Kf6 60. Rc1 Rg3+ 61. Kf1 Rf3+ 0-1

[Event "London Chess Classic: Blitz D"]
[Site "London"]
[Date "2019.12.08"]
[Round "2"]
[White "Tissot, Alice"]
[Black "McPhillips, Joseph"]
[Result "0-1"]
[WhiteElo "1894"]
[BlackElo "2271"]
[PlyCount "76"]
[EventDate "2019.12.08"]
[EventType "swiss (blitz)"]
[EventRounds "11"]
[EventCountry "ENG"]
[SourceTitle "EXT 2021"]
[Source "ChessBase"]
[SourceDate "2020.10.23"]
[SourceVersion "1"]
[SourceVersionDate "2020.10.23"]
[SourceQuality "1"]

1. e4 e6 2. d4 d5 3. exd5 exd5 4. c4 Nc6 5. Be3 Nf6 6. Bd3 Bb4+ 7. Nc3 0-0 8. Nge2 Be6 9. Qb3 dxc4 10. Bxc4 Nd5 11. Bxd5 Bxd5 12. Qc2 Ne7 13. 0-0 Bd6 14. Rac1 Bc6 15. Ne4 Nd5 16. Nc5 Qh4 17. Ng3 Nxe3 18. fxe3 Bxg3 19. hxg3 Qxg3 20. e4 b6 21. Rf3 Qg5 22. d5 bxc5 23. dxc6 Rab8 24. Rcf1 Qe5 25. Rh3 Rxb2 26. Qd1 Qxe4 27. Rf2 Rxf2 28. Kxf2 Qxc6 29. Qh5 Qf6+ 30. Kg1 h6 31. Rf3 Qg6 32. Qh3 Re8 33. Qh4 Kh7 34. Qc4 Re6 35. Qxc5 Re1+ 36. Kf2 Rb1 37. Qc4 Rb2+ 38. Kg1 Qxg2# 0-1

[Event "GBR-ch KO qual"]
[Site "London"]
[Date "2019.11.30"]
[Round "9"]
[White "McPhillips, Joseph"]
[Black "Head, Louise"]
[Result "1/2-1/2"]
[WhiteElo "2434"]
[BlackElo "2100"]
[PlyCount "132"]
[EventDate "2019.11.30"]
[EventType "swiss (rapid)"]
[EventRounds "9"]
[EventCountry "ENG"]
[SourceTitle "CBM 193 Extra"]
[Source "ChessBase"]
[SourceDate "2020.01.31"]
[SourceVersion "1"]
[SourceVersionDate "2020.01.31"]
[SourceQuality "1"]

1. f4 d5 2. Nf3 g6 3. g3 Bg7 4. d3 c5 5. Bg2 Nc6 6. 0-0 d4 7. Nbd2 Nf6 8. Nb3 Qb6 9. e4 dxe3 10. Bxe3 Nd7 11. Nfd2 Qc7 12. c3 b6 13. d4 Ba6 14. Re1 c4 15. Nc1 Rc8 16. Qa4 Ncb8 17. f5 b5 18. Qc2 0-0 19. Ne2 Bb7 20. Nf3 Nf6 21. Bf4 Qb6 22. fxg6 hxg6 23. Be5 Nbd7 24. Nf4 Nxe5 25. Nxe5 Bxg2 26. Qxg2 e6 27. Rf1 Rcd8 28. Rae1 Nd5 29. Kh1 g5 30. Nh5 f5 31. Qd2 Qb7 32. Kg1 Bxe5 33. Rxe5 Qe7 34. Rfe1 Nc7 35. g4 Rd5 36. Ng3 fxg4 37. Rxd5 Nxd5 38. Re5 Nf4 39. Ne4 Nh3+ 40. Kg2 Qf7 41. Nxg5 Qf1+ 42. Kg3 Qg1+ 43. Qg2 Qxg2+ 44. Kxg2 Rf2+ 45. Kg3 Rxb2 46. Nxe6 a6 47. d5 Rxa2 48. Kxg4 Nf2+ 49. Kf5 Rd2 50. Kg6 Nd3 51. Rg5 Rf2 52. d6 Rf7 53. Rd5 Rd7 54. h4 a5 55. Kf6 a4 56. Rg5+ Kh8 57. Rxb5 Rxd6 58. Ke7 Ra6 59. Ng5 Ra7+ 60. Kf6 Ra6+ 61. Ne6 Nf4 62. Rb8+ Kh7 63. Rb7+ Kh8 64. Rb8+ Kh7 65. Rb7+ Kh8 66. Rb8+ Kh7 1/2-1/2

[Event "GBR-ch KO qual"]
[Site "London"]
[Date "2019.11.30"]
[Round "5"]
[White "McPhillips, Joseph"]
[Black "Kalaiyalahan, Akshaya"]
[Result "1-0"]
[WhiteElo "2434"]
[BlackElo "2154"]
[PlyCount "65"]
[EventDate "2019.11.30"]
[EventType "swiss (rapid)"]
[EventRounds "9"]
[EventCountry "ENG"]
[SourceTitle "CBM 193 Extra"]
[Source "ChessBase"]
[SourceDate "2020.01.31"]
[SourceVersion "1"]
[SourceVersionDate "2020.01.31"]
[SourceQuality "1"]

1. f3 d5 2. Kf2 e5 3. Kg3 Bc5 4. e3 d4 5. exd4 Bxd4 6. d3 Nf6 7. h3 Qd6 8. Kh2 Nd5 9. Qe1 0-0 10. Nc3 e4+ 11. g3 Bxg1+ 12. Rxg1 exf3 13. Qe4 Nxc3 14. bxc3 Qf6 15. Ba3 Bd7 16. Bxf8 Bc6 17. Qg4 Bd7 18. Qxg7+ Qxg7 19. Bxg7 Kxg7 20. d4 Bc6 21. Bc4 Nd7 22. Rge1 Nf6 23. Re5 Re8 24. Rxe8 Nxe8 25. d5 Bd7 26. Rf1 Nd6 27. Bd3 Nb5 28. c4 Nd4 29. c3 Nf5 30. Bxf5 Bxf5 31. Rxf3 Bb1 32. a3 Ba2 33. Rf4 1-0

[Event "GBR-ch KO qual"]
[Site "London"]
[Date "2019.11.30"]
[Round "3"]
[White "McPhillips, Joseph"]
[Black "Wadsworth, Matthew J"]
[Result "0-1"]
[WhiteElo "2434"]
[BlackElo "2401"]
[PlyCount "48"]
[EventDate "2019.11.30"]
[EventType "swiss (rapid)"]
[EventRounds "9"]
[EventCountry "ENG"]
[SourceTitle "CBM 193 Extra"]
[Source "ChessBase"]
[SourceDate "2020.01.31"]
[SourceVersion "1"]
[SourceVersionDate "2020.01.31"]
[SourceQuality "1"]

1. e4 c5 2. Nf3 e6 3. d4 cxd4 4. Nxd4 Nc6 5. Nc3 Qc7 6. g3 a6 7. Bg2 h5 8. h3 Nf6 9. Nb3 h4 10. Bf4 Ne5 11. Qd4 d6 12. 0-0-0 b5 13. Bg5 Bb7 14. Bxh4 Rc8 15. f4 Nc4 16. Qd3 b4 17. Ne2 Ne3 18. Bxf6 Qxc2+ 19. Qxc2 Rxc2+ 20. Kb1 Rxe2 21. Bf3 Rf2 22. Nc5 Rxf3 23. Rd3 Bc6 24. Bh4 Rxh4 0-1

[Event "Glorney Cup Norm"]
[Site "Dundalk"]
[Date "2019.07.23"]
[Round "7"]
[White "McPhillips, Joseph"]
[Black "Baker, Chris W"]
[Result "1-0"]
[WhiteElo "2412"]
[BlackElo "2273"]
[PlyCount "63"]
[EventDate "2019.07.20"]
[EventType "tourn"]
[EventRounds "9"]
[EventCountry "IRL"]
[SourceTitle "EXT 2020"]
[Source "ChessBase"]
[SourceDate "2019.10.17"]
[SourceVersion "1"]
[SourceVersionDate "2019.10.17"]
[SourceQuality "1"]

1. d4 Nf6 2. Nf3 g6 3. c4 Bg7 4. Nc3 0-0 5. e4 d6 6. Be2 e5 7. 0-0 Na6 8. Re1 exd4 9. Nxd4 Nc5 10. Bf3 Re8 11. h3 a5 12. Ndb5 Be6 13. e5 dxe5 14. Qxd8 Rexd8 15. Nxc7 Rac8 16. Nxe6 Nxe6 17. Rxe5 Nd4 18. Bxb7 Rb8 19. Bf3 Nd7 20. Rd5 Nc2 21. Rb1 Bxc3 22. Bf4 Rxb2 23. Rxb2 Bxb2 24. Bc7 Re8 25. Rxd7 Re1+ 26. Kh2 Nd4 27. Bd5 Ne6 28. Bxa5 Re2 29. Bb6 Be5+ 30. g3 Rxa2 31. Kg2 Rc2 32. Be3 1-0

[Event "Glorney Cup Norm"]
[Site "Dundalk"]
[Date "2019.07.22"]
[Round "5"]
[White "Moran, Darragh"]
[Black "McPhillips, Joseph"]
[Result "0-1"]
[WhiteElo "1880"]
[BlackElo "2412"]
[PlyCount "98"]
[EventDate "2019.07.20"]
[EventType "tourn"]
[EventRounds "9"]
[EventCountry "IRL"]
[SourceTitle "EXT 2020"]
[Source "ChessBase"]
[SourceDate "2019.10.17"]
[SourceVersion "1"]
[SourceVersionDate "2019.10.17"]
[SourceQuality "1"]

1. e4 c5 2. Nf3 e6 3. c4 Nc6 4. Nc3 Nf6 5. Be2 Qc7 6. 0-0 h5 7. d4 cxd4 8. Nxd4 a6 9. Nc2 Ne5 10. b3 Bc5 11. Bf4 Nf3+ 12. Bxf3 Qxf4 13. Qd3 Ng4 14. Bxg4 hxg4 15. Qg3 Qxg3 16. hxg3 b5 17. b4 Bd6 18. Rac1 bxc4 19. a3 a5 20. Ne3 axb4 21. Nb5 Bb8 22. Rxc4 Ke7 23. Rxb4 Ba6 24. Rfb1 Bxb5 25. Rxb5 Bd6 26. Nc4 Bc7 27. Rg5 Ra4 28. Rb4 Rxb4 29. axb4 g6 30. b5 Rb8 31. b6 Bxb6 32. Nxb6 Rxb6 33. Rxg4 Rb1+ 34. Kh2 Rf1 35. f3 Kf6 36. Rf4+ Ke7 37. Rh4 g5 38. Rg4 f6 39. f4 Re1 40. e5 fxe5 41. Rxg5 Kf6 42. Rh5 d5 43. Rh6+ Kf5 44. Rh5+ Kg6 45. Rg5+ Kf6 46. Kh3 Rh1+ 47. Kg4 e4 48. Re5 Rh7 49. Rg5 Rg7 0-1

[Event "Glorney Cup Norm"]
[Site "Dundalk"]
[Date "2019.07.20"]
[Round "2"]
[White "McPhillips, Joseph"]
[Black "O'Donnell, Conor"]
[Result "1/2-1/2"]
[WhiteElo "2412"]
[BlackElo "2341"]
[PlyCount "59"]
[EventDate "2019.07.20"]
[EventType "tourn"]
[EventRounds "9"]
[EventCountry "IRL"]
[SourceTitle "EXT 2020"]
[Source "ChessBase"]
[SourceDate "2019.10.17"]
[SourceVersion "1"]
[SourceVersionDate "2019.10.17"]
[SourceQuality "1"]

1. c4 e5 2. Nc3 Nf6 3. Nf3 Nc6 4. e3 Bb4 5. Qc2 0-0 6. Nd5 Re8 7. Qf5 d6 8. Nxf6+ gxf6 9. Qh5 e4 10. Rg1 d5 11. cxd5 Ne5 12. Nxe5 Rxe5 13. Qh4 Rxd5 14. Qxe4 Rxd2 15. Qxb4 Rd1+ 16. Ke2 Qd3+ 17. Kf3 Qd5+ 18. Ke2 Qd3+ 19. Kf3 Qd5+ 20. e4 Qh5+ 21. g4 Qxh2 22. Qa4 Qxg1 23. Qe8+ Kg7 24. Bh6+ Kg6 25. Qg8+ Kxh6 26. Qf8+ Kg6 27. Qg8+ Kh6 28. Qf8+ Kg6 29. Qg8+ Kh6 30. Qf8+ 1/2-1/2

[Event "Paracin Summer op-A 12th"]
[Site "Paracin"]
[Date "2019.07.06"]
[Round "3"]
[White "Ivanovic, Marko"]
[Black "McPhillips, Joseph"]
[Result "0-1"]
[WhiteElo "2267"]
[BlackElo "2412"]
[PlyCount "64"]
[EventDate "2019.07.05"]
[EventType "swiss"]
[EventRounds "9"]
[EventCountry "SRB"]
[SourceTitle "CBM 191 Extra"]
[Source "ChessBase"]
[SourceDate "2019.09.30"]
[SourceVersion "1"]
[SourceVersionDate "2019.09.30"]
[SourceQuality "1"]

1. e4 e6 2. d4 d5 3. Nc3 h6 4. Nf3 Nf6 5. e5 Ne4 6. a3 c5 7. Bd3 Ng5 8. Bxg5 hxg5 9. dxc5 Bxc5 10. Qd2 g4 11. Ng5 Be7 12. f4 Nc6 13. Bb5 f6 14. exf6 gxf6 15. 0-0-0 fxg5 16. Qd3 Rh6 17. h3 a6 18. hxg4 Rxh1 19. Rxh1 axb5 20. Rh8+ Bf8 21. Qg6+ Kd7 22. Rh7+ Be7 23. f5 Kd6 24. f6 Bxf6 25. Nxb5+ Kc5 26. Nc7 Ne5 27. b4+ Kc4 28. Qh5 Rxa3 29. Kd2 Qf8 30. Qh1 Qxb4+ 31. Ke2 Qc3 32. Qf1 Qxc2+ 0-1